Top 100 highest viewed kpop music videos on YouTube - Statistics

General Stats
  • This quiz has been taken 258 times
  • The average score is 51 of 100
Answer Stats
TOP Artists MV Views % Correct
4 BTS Dynamite 1,866,168,500
95%
1 PSY Gangnam Style 5,264,429,406
94%
15 BTS Butter 982,527,831
90%
3 BLACKPINK Kill This Love 1,998,400,292
88%
14 Jennie SOLO 1,024,261,111
85%
28 BIGBANG Bang Bang Bang 676,853,662
82%
6 BLACKPINK BOOMBAYAH 1,722,458,859
82%
2 BLACKPINK DDU-DU DDU-DU 2,228,039,234
82%
43 Jisoo FLOWER 530,743,823
82%
26 LISA LALISA 716,709,979
80%
20 BLACKPINK Pink Venom 885,208,826
80%
12 BLACKPINK How You Like That 1,297,025,435
79%
73 BTS ON 335,380,118
79%
55 Jungkook Seven 426,981,534
76%
30 BLACKPINK Shut Down 656,564,236
75%
18 BLACKPINK WHISTLE 900,528,927
71%
21 TWICE What Is Love ? 805,514,155
70%
66 Rosé On The Ground 366,777,425
69%
10 BLACKPINK As If It's Your Last 1,396,329,374
68%
7 PSY Gentleman 1,630,274,197
68%
22 BLACKPINK Lovesick Girls 768,886,539
68%
94 BABYMONSTER SHEESH 286,830,700
67%
40 ITZY WANNABE 549,326,741
67%
48 Stray kids God's Menu 476,146,480
66%
99 aespa Black Mamba 269,820,982
64%
5 BTS Boy With Luv 1,795,197,489
64%
8 BTS DNA 1,591,205,647
64%
89 Rosé Gone 299,299,623
64%
17 BLACKPINK Ice Cream 921,043,742
64%
27 TWICE TT 686,950,353
64%
51 TWICE The Feels 453,229,341
63%
13 BTS Fake Love 1,287,715,562
61%
19 BLACKPINK PLAYING WITH FIRE 887,695,535
61%
71 (G)I-DLE Queencard 352,965,013
61%
33 TWICE FANCY 638,708,263
60%
75 (G)I-DLE TOMBOY 334,391,405
60%
35 EXO Love Shot 617,038,458
59%
11 BTS Idol 1,298,889,724
58%
61 Red Velvet Psycho 398,113,554
58%
23 BTS Fire 763,815,475
57%
97 BABYMONSTER BATTER UP 276,190,110
56%
96 IVE LOVE DIVE 276,299,972
56%
67 BLACKPINK STAY 363,967,410
55%
37 TWICE CHEER UP 562,062,405
54%
62 2NE1 I Am The Best 381,877,719
54%
16 BTS Blood, Sweat & Tears 981,427,806
53%
91 aespa Next Level 295,703,872
53%
81 (G)I-DLE Nxde 318,761,787
53%
31 BTS Permission to Dance 650,756,961
52%
29 iKON Love Scenario 673,483,936
51%
9 BTS MIC Drop 1,446,778,781
50%
92 IVE After LIKE 289,804,410
49%
38 BIGBANG Fantastic Baby 554,615,800
49%
34 TWICE Likey 627,516,662
47%
63 Stray Kids Thunderous 380,720,739
47%
32 MOMOLAND BBoom BBoom 641,361,728
46%
78 ITZY DALLA DALLA 326,852,649
46%
46 TWICE Feel Special 512,403,804
46%
56 MAMAMOO Hip 423,043,938
45%
52 EXO Monster 452,495,174
45%
68 Stray Kids Back Door 362,115,621
44%
45 BTS Black Swan 526,428,127
43%
90 EVERGLOW Dun Dun 295,812,494
43%
79 Girls' Generation Gee 326,072,099
42%
47 TWICE Like OOH-AHH 502,803,261
42%
58 TWICE YES or YES 415,503,870
42%
86 TWICE Alcohol-Free 303,965,592
41%
44 TWICE I CAN'T STOP ME 529,984,942
41%
64 TWICE Dance The Night Away 380,665,083
40%
59 Red Velvet Bad Boy 410,921,611
38%
39 PSY That That 550,324,969
38%
53 BTS Boy in Luv 449,484,690
36%
76 TWICE SIGNAL 333,857,234
36%
87 Girls' Generation The Boys 302,114,576
36%
60 j-hope Chicken Noodle Soup 404,155,600
35%
25 PSY Daddy 725,801,810
35%
50 Suga/Agust D Daechwita 457,537,510
35%
42 BTS Spring Day 537,383,801
35%
54 GOT7 Just Right 433,969,602
34%
77 TWICE KNOCK KNOCK 327,245,859
34%
49 TWICE Heart Shaker 463,059,821
33%
85 BTS No More Dream 304,918,891
33%
70 TWICE MORE&MORE 359,097,746
32%
24 BTS Save Me 752,897,204
32%
36 BTS Not Today 596,156,186
30%
82 EXO Growl 312,058,666
29%
41 BTS Life Goes On 548,597,659
29%
74 EXO Call Me Baby 335,113,990
24%
95 SEVENTEEN Don't Wanna Cry 278,835,944
24%
100 Girls' Generation I GOT A BOY 269,588,471
21%
69 EXO Ko Ko Bop 359,137,093
20%
88 PSY New Face 299,907,163
20%
72 BTS War of Hormone 336,255,509
20%
57 Jungkook Left And Right 422,831,304
18%
93 NCT U Make A Wish 288,056,340
18%
98 IU BBIBBI 272,685,975
13%
84 BTS Airplane Pt.2 307,795,800
11%
83 BTS My Universe 308,342,401
10%
80 NiziU Make You Happy 319,255,893
8%
65 PSY Hangover 367,114,445
6%
No matching quizzes found
Score Distribution
Percent of People with Each Score
Percentile by Number Answered
Your Score History
You have not taken this quiz